000 03318nam0a2200445 4500
001 RU\NLR\BIBL_A\012701109
005 20220418143615.0
010 _a978-5-7996-3211-3
_930
021 _aRU
_bКН-П-21-072834
_9КН-П-21-5783
035 _a(NLR Aleph) 012701109
035 _a(RuMoRGB)010846269
090 _a12878658
_c12878658
100 _a20220203d2021 k y0rusy50 ca
101 0 _arus
102 _aRU
105 _aa j 000zy
181 0 _ai
_baxxe
182 0 _an
200 1 _aХимические и инструментальные методы анализа
_eучебное пособие
_eдля студентов вуза, обучающихся по направлениям подготовки 18.03.01 "Химическая технология", 18.03.02 "Энерго- и ресурсосберегающие процессы в химической технологии, нефтехимии и биотехнологии", 19.03.01 "Биотехнология", 20.03.01 "Техносферная безопасность", 22.03.01 "Материаловедение и технологии материалов", 22.03.02 "Металлургия"
_fС. Ю. Сараева, А. В. Иванова, А. Н. Козицина, А. И. Матерн
_gпод общей редакцией В. И. Кочерова
_gМинистерство науки и высшего образования Российской Федерации, Уральский федеральный университет имени первого Президента России Б. Н. Ельцина, [Химико-технологический институт]
203 _aТекст
_bвизуальный
_cнепосредственный
210 _aЕкатеринбург
_cИзд-во Уральского университета
_d2021
215 _a212, [2] с.
_cил.
_d21
300 _aАвт. указаны на обороте тит. с.
320 _aБиблиогр. в конце кн.
606 1 _aФизико-химический анализ
_jУчебные издания для высших учебных заведений
_9960002
_3RU\NLR\AUTH\6639463
606 1 _aКоличественный анализ
_jУчебные издания для высших учебных заведений
_9957467
_3RU\NLR\AUTH\6638101
686 1 _aГ534я73-1
686 1 _aГ46я73-1
686 1 _aГ442я73-1
701 1 _aСараева
_bС. Ю.
_gСветлана Юрьевна
701 1 _aИванова
_bА. В.
_cд-р хим. наук
_gАлла Владимировна
_9241304
_3RU\NLR\AUTH\770241360
701 1 _aКозицина
_bА. Н.
_gАлиса Николаевна
701 1 _aМатерн
_bА. И.
_f1951-
_gАнатолий Иванович
702 1 _aКочеров
_bВ. И.
_gВениамин Иванович
_4340
712 0 2 _4570
_aУральский федеральный университет им. первого Президента России Б. Н. Ельцина
_bХимико-технологический институт
_cЕкатеринбург
_9384381
_3RU\NLR\AUTH\880358436
942 _cBOOK
980 _aNB